00635 2200217 4500001002100000005001500021035002000036007000300056008004100059020002200100082001100122084001700133100003000150245009600180260003400276300004300310650001400353650001000367990002000377990002000397INLIS00000000000300420260512084834 a0010-0526000095ta260512 f 0 ind  a978-623-5295-91-6 a631.47 a631.47 SAS k1 aSastrohartono, Hermantoro1 aKesesuaian Lahan Untuk Pertanian :bMenggunakan Artificial Neural Network dalam Arcview-GIS aYogyakarta :bPlataxia,c2023 axvi + 112 hlm. :bilus. ;c17 x 24 cm. 4aPertanian 4aLahan a20260518.01.007 a20260518.01.006